Loading...
| Science - Biology | 5 | 6 | 0 | 1 | 135 | 22 | 74.82 | 6 | 9 | 0.00 | 0.00 |
| Science - Chemistry | 1 | 10 | 3 | 3 | 100 | 55 | 94.18 | 4 | 6 | 0.00 | 0.00 |
| Social Science | 1 | 8 | 1 | 0 | 90 | 65 | 96.22 | 3 | 8 | 0.00 | 0.00 |
| Science - Other | 3 | 5 | 2 | 0 | 85 | 35 | 86.25 | 1 | 4 | 0.00 | 0.00 |
| Science - Physics | 2 | 4 | 1 | 0 | 65 | 33 | 77.83 | 2 | 5 | 0.00 | 0.00 |
| History - American | 0 | 4 | 0 | 1 | 40 | 90 | 105.25 | 0 | 2 | 0.00 | 0.00 |
| Beliefs | 1 | 3 | 3 | 1 | 30 | 78 | 102.75 | 0 | 2 | 0.00 | 0.00 |
| History - Other | 0 | 3 | 0 | 0 | 30 | 94 | 113.67 | 1 | 1 | 0.00 | 0.00 |
| Literature - World | 0 | 3 | 0 | 1 | 30 | 128 | 137.00 | 0 | 0 | 0.00 | 0.00 |
| Other Academic | 0 | 2 | 0 | 1 | 20 | 71 | 84.00 | 1 | 1 | 0.00 | 0.00 |
| History - World | 0 | 2 | 1 | 1 | 15 | 110 | 115.00 | 0 | 1 | 0.00 | 0.00 |
| Modern World | 0 | 1 | 0 | 0 | 10 | 83 | 83.00 | 0 | 1 | 0.00 | 0.00 |
| Literature - European | 0 | 1 | 1 | 0 | 5 | 94 | 94.00 | 0 | 0 | 0.00 | 0.00 |
| Philosophy | 0 | 2 | 3 | 0 | 5 | 111 | 126.00 | 0 | 0 | 0.00 | 0.00 |
| Literature - American | 0 | 1 | 1 | 1 | 5 | 155 | 155.00 | 0 | 0 | 0.00 | 0.00 |
| Geography | 0 | 0 | 1 | 0 | -5 | 0.00 | 0 | 0 | 0.00 | 0.00 | |
| Fine Arts - Other Arts | 0 | 0 | 1 | 0 | -5 | 0.00 | 0 | 0 | 0.00 | 0.00 | |
| Literature - British | 0 | 0 | 1 | 0 | -5 | 0.00 | 0 | 0 | 0.00 | 0.00 | |
| Visual Arts | 0 | 0 | 2 | 0 | -10 | 0.00 | 0 | 0 | 0.00 | 0.00 | |
| History - Ancient | 0 | 0 | 2 | 0 | -10 | 0.00 | 0 | 0 | 0.00 | 0.00 |